000 00313 a2200145 4500
003 Nust
005 20170207153204.0
040 _cNust
082 _a005.1
100 _aQasim, Mureed
245 _aUser management system
_cMureed Qasim
260 _aRawalpindi
_bMCS, NUST
_c2001
300 _a43 p.
650 _aMSCS Thesis
942 _cTHS
999 _c181094
_d181094